<?xml version="1.0" encoding="UTF-8"?>
<record
    xmlns:xsi="http://www.w3.org/2001/XMLSchema-instance"
    xsi:schemaLocation="http://www.loc.gov/MARC21/slim http://www.loc.gov/standards/marcxml/schema/MARC21slim.xsd"
    xmlns="http://www.loc.gov/MARC21/slim">

  <leader>01381nam2a2200229   4500</leader>
  <controlfield tag="001">rc\2898814</controlfield>
  <controlfield tag="005">20260315053558.0</controlfield>
  <datafield tag="035" ind1=" " ind2=" ">
    <subfield code="a">(NLR Aleph) 007050283</subfield>
  </datafield>
  <datafield tag="090" ind1=" " ind2=" ">
    <subfield code="a">13590554</subfield>
    <subfield code="c">13590554</subfield>
  </datafield>
  <datafield tag="100" ind1=" " ind2=" ">
    <subfield code="a">20110729d1929    u  y0rusy50      ca</subfield>
  </datafield>
  <datafield tag="101" ind1="0" ind2=" ">
    <subfield code="a">rus</subfield>
  </datafield>
  <datafield tag="102" ind1=" " ind2=" ">
    <subfield code="a">RU</subfield>
  </datafield>
  <datafield tag="105" ind1=" " ind2=" ">
    <subfield code="a">a   z   |||||</subfield>
  </datafield>
  <datafield tag="200" ind1="1" ind2=" ">
    <subfield code="a">&#x41F;&#x43E;&#x434;&#x432;&#x438;&#x436;&#x43D;&#x44B;&#x435; &#x438;&#x433;&#x440;&#x44B; &#x434;&#x43B;&#x44F; &#x448;&#x43A;&#x43E;&#x43B;&#x44B; 2-&#x439; &#x441;&#x442;&#x443;&#x43F;&#x435;&#x43D;&#x438;</subfield>
    <subfield code="e">&#x421; &#x442;&#x430;&#x431;&#x43B;&#x438;&#x446;&#x435;&#x439; &#x445;&#x430;&#x440;&#x430;&#x43A;&#x442;&#x435;&#x440;&#x438;&#x441;&#x442;&#x438;&#x43A;&#x438; &#x438;&#x433;&#x440; &#x43F;&#x43E; &#x438;&#x445; &#x432;&#x43B;&#x438;&#x44F;&#x43D;&#x438;&#x44E; &#x43D;&#x430; &#x440;&#x430;&#x441;&#x442;&#x443;&#x449;&#x438;&#x439; &#x43E;&#x440;&#x433;&#x430;&#x43D;&#x438;&#x437;&#x43C;</subfield>
  </datafield>
  <datafield tag="210" ind1=" " ind2=" ">
    <subfield code="a">&#x41C;&#x43E;&#x441;&#x43A;&#x432;&#x430;</subfield>
    <subfield code="a">&#x41B;&#x435;&#x43D;&#x438;&#x43D;&#x433;&#x440;&#x430;&#x434;</subfield>
    <subfield code="c">&#x413;&#x438;&#x437;</subfield>
    <subfield code="d">1929</subfield>
  </datafield>
  <datafield tag="215" ind1=" " ind2=" ">
    <subfield code="a">102, [1] &#x441;., 1 &#x43B;. &#x442;&#x430;&#x431;&#x43B;.</subfield>
    <subfield code="c">&#x438;&#x43B;., &#x442;&#x430;&#x431;&#x43B;.</subfield>
  </datafield>
  <datafield tag="461" ind1=" " ind2="0">
    <subfield code="1">001rc\2898812</subfield>
    <subfield code="1">2001#$a&#x41F;&#x43E;&#x434;&#x432;&#x438;&#x436;&#x43D;&#x44B;&#x435; &#x438;&#x433;&#x440;&#x44B;$e(&#x414;&#x43B;&#x44F; &#x432;&#x43E;&#x437;&#x440;&#x430;&#x441;&#x442;&#x430; 8-12 &#x43B;&#x435;&#x442;)$e&#x421; &#x442;&#x430;&#x431;&#x43B;. &#x438;&#x445; &#x445;&#x430;&#x440;&#x430;&#x43A;&#x442;&#x435;&#x440;&#x438;&#x441;&#x442;&#x438;&#x43A;&#x438; &#x43F;&#x43E; &#x432;&#x43B;&#x438;&#x44F;&#x43D;&#x438;&#x44E; &#x43D;&#x430; &#x440;&#x430;&#x441;&#x442;&#x443;&#x449;&#x438;&#x439; &#x43E;&#x440;&#x433;&#x430;&#x43D;&#x438;&#x437;&#x43C;. &#x427;. 1-2$f&#x41D;. &#x424;&#x438;&#x43B;&#x438;&#x442;&#x438;&#x441;$v&#x427;. 2</subfield>
    <subfield code="1">700#1$a&#x424;&#x438;&#x43B;&#x438;&#x442;&#x438;&#x441;$b&#x41D;.&#x421;.$g&#x41D;&#x438;&#x43A;&#x43E;&#x43B;&#x430;&#x439; &#x421;&#x442;&#x435;&#x43F;&#x430;&#x43D;&#x43E;&#x432;&#x438;&#x447;</subfield>
    <subfield code="9">6183846</subfield>
    <subfield code="a">&#x424;&#x438;&#x43B;&#x438;&#x442;&#x438;&#x441;, &#x41D;.&#x421;.</subfield>
    <subfield code="c">&#x41C;&#x43E;&#x441;&#x43A;&#x432;&#x430;</subfield>
    <subfield code="d">1927</subfield>
    <subfield code="e">2-&#x435; &#x438;&#x437;&#x434;., &#x438;&#x441;&#x43F;&#x440;. &#x438; &#x434;&#x43E;&#x43F;.</subfield>
    <subfield code="f">&#x41D;. &#x424;&#x438;&#x43B;&#x438;&#x442;&#x438;&#x441;</subfield>
    <subfield code="n">&#x426;&#x41A;&#x416;&#x414; "&#x413;&#x443;&#x434;&#x43E;&#x43A;"</subfield>
    <subfield code="o">(&#x414;&#x43B;&#x44F; &#x432;&#x43E;&#x437;&#x440;&#x430;&#x441;&#x442;&#x430; 8-12 &#x43B;&#x435;&#x442;) : &#x421; &#x442;&#x430;&#x431;&#x43B;. &#x438;&#x445; &#x445;&#x430;&#x440;&#x430;&#x43A;&#x442;&#x435;&#x440;&#x438;&#x441;&#x442;&#x438;&#x43A;&#x438; &#x43F;&#x43E; &#x432;&#x43B;&#x438;&#x44F;&#x43D;&#x438;&#x44E; &#x43D;&#x430; &#x440;&#x430;&#x441;&#x442;&#x443;&#x449;&#x438;&#x439; &#x43E;&#x440;&#x433;&#x430;&#x43D;&#x438;&#x437;&#x43C;. &#x427;. 1-2</subfield>
    <subfield code="t">&#x41F;&#x43E;&#x434;&#x432;&#x438;&#x436;&#x43D;&#x44B;&#x435; &#x438;&#x433;&#x440;&#x44B;</subfield>
    <subfield code="v">&#x427;. 2</subfield>
  </datafield>
  <datafield tag="801" ind1=" " ind2="0">
    <subfield code="a">RU</subfield>
    <subfield code="b">NLR</subfield>
    <subfield code="g">psbo</subfield>
  </datafield>
  <datafield tag="801" ind1=" " ind2="1">
    <subfield code="a">RU</subfield>
    <subfield code="b">ELAR</subfield>
    <subfield code="2">rusmarc</subfield>
  </datafield>
  <datafield tag="852" ind1=" " ind2=" ">
    <subfield code="a">NLR</subfield>
    <subfield code="j">40/3996</subfield>
  </datafield>
  <datafield tag="942" ind1=" " ind2=" ">
    <subfield code="c">UNSPEC</subfield>
  </datafield>
  <datafield tag="980" ind1=" " ind2=" ">
    <subfield code="a">NB</subfield>
  </datafield>
</record>
